| 000 -LEADER |
| fixed length control field |
01259nam a2200265Ia 4500 |
| 001 - CONTROL NUMBER |
| control field |
23825 |
| 003 - CONTROL NUMBER IDENTIFIER |
| control field |
GE_BSU |
| 008 - FIXED-LENGTH DATA ELEMENTS--GENERAL INFORMATION |
| fixed length control field |
181216s||||||||xx |||||||||||||| ||und|| |
| 020 ## - INTERNATIONAL STANDARD BOOK NUMBER |
| International Standard Book Number |
99940-13-33-5 |
| 040 ## - CATALOGING SOURCE |
| Transcribing agency |
GE_BSU |
| 080 ## - UNIVERSAL DECIMAL CLASSIFICATION NUMBER |
| Universal Decimal Classification number |
94(479.22)".../05 |
| 100 ## - MAIN ENTRY--PERSONAL NAME |
| Personal name |
ჯაფარიძე, ოთარ |
| 245 ## - TITLE STATEMENT |
| Title |
საქართველოს ისტორიის სათავეებთან: პირველყოფილი ეპოქა |
| 245 ## - TITLE STATEMENT |
| Statement of responsibility, etc. |
რედ. დ. მუსხელიშვილი. მხატვ. გ. ჩიქვინიძე |
| 260 ## - PUBLICATION, DISTRIBUTION, ETC. |
| Place of publication, distribution, etc. |
თბილისი |
| 260 ## - PUBLICATION, DISTRIBUTION, ETC. |
| Name of publisher, distributor, etc. |
თბილ. უნ-ტის გამ-ბა |
| 260 ## - PUBLICATION, DISTRIBUTION, ETC. |
| Date of publication, distribution, etc. |
2003 |
| 300 ## - PHYSICAL DESCRIPTION |
| Extent |
419 გვ. ; 26 სმ. |
| 300 ## - PHYSICAL DESCRIPTION |
| Accompanying material |
ბიბლიოგრ.: გვ. 412. |
| 520 ## - SUMMARY, ETC. |
| Summary, etc. |
რეზ. და პარალ. სათ. რუს. და გერმ. ენ. |
| 653 ## - INDEX TERM--UNCONTROLLED |
| Uncontrolled term |
საქართველოს ისტორია უძველესი დროიდან მე-4 საუკუნემდე |
| 653 ## - INDEX TERM--UNCONTROLLED |
| Uncontrolled term |
საქართველოს ისტორიის სათავეებთან: პირველყოფილი ეპოქა |
| 942 ## - ADDED ENTRY ELEMENTS (KOHA) |
| Koha item type |
წიგნი |